00363nam a2200145Ia 45000030006000000080041000060400015000471000028000622450020000902500009001102600061001193000006001805460014001860050017002000STCL150530s9999 xx 000 0 und d aSTCLcSTCL aKalindicharan Panigrani aManninte Makkal a1960 bSahitya Pravarthaka Co Operative Society ; Kottayac1960 a0 aMalayalam20220125171626.0